000 00706nam a2200253Ia 4500
003 OSt
005 20220912150644.0
006 a|||||r|||| 00| 0
007 ta
008 220909b |||||||| |||| 00| 0 eng d
024 _a61457
037 _cTextual
040 _aCSL
_beng
_cCSL
041 _aeng
082 _aA:(R), L73
100 _aWestfall Richard S
245 0 _aConstruction of modern science : Mechanism and mechanics
260 _aCambridge
_bCambridge university press
_c1977
300 _axiii,171p.
_ccm. ill
490 _aHistory of science
650 _aPhilosophy of science
942 _hA:(R), L73
_cTEXL
_2CC
999 _c51886
_d51886